000 00508nam a2200169Ia 4500
008 230917s9999||||xx |||||||||||||| ||und||
020 _cUSD 56.00 (RS 4016.32)
040 _e5015150
_aMAIN
041 _aEnglish
082 _a001.42 S31T
100 _aSaldana, Johnny
245 0 _aThinking qualitatively: Methods of mind
260 _aCalifornia
_bSage Publications
_c2015
300 _axix, 215 p.
500 _a4036 20/02/2020 RK20/3663 26/02/2020 Ch. Ranbir Singh Institute of Social and
942 _cBK
999 _c1932
_d1932